000 00869nam a22001695i 4500
001 155363
003 ES-MaACL
005 20251014063221.0
008 000710s1873 sp |||| | spa d
100 1 _aHerranz y Gonzalo, Juan José,
_cConde de Reparaz
_9127924
245 1 0 _aHonrar padre y madre
_b: comedia en tres actos y en verso /
_coriginal de Juan José Herranz.
260 _aMadrid :
_b[s.n.],
_c1873 (
_fImp. del Indicador de los Caminos de Hierro)
300 _a69 p. ;
_c19 cm.
500 _aEn port.: Estrenada con extraordinario aplauso en el Teatro Español el día 9 de enero de 1875.
852 _aES-MaACL
_jF-8624(5)
_z- Enc. pasta española, falto de cub. original
_z- Ex-libris ms. de Gustavo Sáenz Díez, 1877
_z- Enc. en un vol. facticio formando parte de la col. facticia "Teatro español moderno", v. 79
999 _c155363
_d155363